|
|
|
|
| LEADER |
00832cas a2200169 a 4500 |
| 001 |
AALejournalASABE000121 |
| 008 |
221229c9999 xx r poo 0 0eng d |
| 040 |
|
|
|a BD-DhAAL
|c BD-DhAAL
|
| 245 |
0 |
0 |
|h [electronic resource]
|a Soil Dynamics in Tillage and Traction
|
| 260 |
|
|
|b ASABE,
|c 1968
|
| 300 |
|
|
|a 1 online resource
|
| 500 |
|
|
|a <strong>Off-Campus Access:</strong> Athens ID and Password Required
|
| 500 |
|
|
|a <strong>On-Campus Access:</strong> No User ID or Password Required
|
| 506 |
|
|
|a Electronic access restricted to authorized BRAC University faculty, staff and students
|
| 538 |
|
|
|a Mode of access: Internet
|
| 856 |
4 |
0 |
|z Full text available on ASABE
|u http://elibrary.asabe.org/collections_p1.asp
|
| 856 |
4 |
0 |
|z Off-campus access
|u https://go.openathens.net/redirector/bracu.ac.bd?url=http%3A%2F%2Felibrary.asabe.org%2Fcollections_p1.asp
|